| 000 | 00000nam 2200000zi 4500 |
| 001 | 9.940693 |
| 003 | CaOODSP |
| 005 | 20250324101601 |
| 006 | m o d f |
| 007 | cr mn||||||||| |
| 008 | 240717s1976 onc o f000 0 fre d |
| 040 | |aCaOODSP|bfre|erda|cCaOODSP |
| 043 | |an-cn-ns|an-cn--- |
| 086 | 1 |aRE24-38/1976F-PDF |
| 245 | 00|aEntente auxiliaire, 22 juin 1976, développement industriel, Canada/Nouvelle-Écosse. |
| 246 | 15|aCanada - Nouvelle-Écosse entente auxiliaire sur le développement industriel |
| 264 | 1|a[Ottawa] : |bExpansion économique régionale = Regional Economic Expansion, |c[1976] |
| 300 | |a1 ressource en ligne (37 pages, 4 pages) |
| 336 | |atexte|btxt|2rdacontent/fre |
| 337 | |ainformatique|bc|2rdamedia/fre |
| 338 | |aressource en ligne|bcr|2rdacarrier/fre |
| 500 | |aPublié aussi en anglais sous le titre : Subsidiary agreement, June 22, 1976, industrial development, Canada/Nova Scotia. |
| 500 | |aÉdition numérisée de l'imprimé [par Innovation, sciences et développement économique Canada]. |
| 650 | 6|aPromotion industrielle|zNouvelle-Écosse. |
| 650 | 6|aAide au développement économique régional|zNouvelle-Écosse. |
| 650 | 6|aRelations fédérales-provinciales (Canada)|zNouvelle-Écosse. |
| 651 | 6|aNouvelle-Écosse|xPolitique économique. |
| 710 | 1 |aCanada. |bExpansion économique régionale, |eorganisme de publication. |
| 775 | 08|tSubsidiary agreement, June 22, 1976, industrial development, Canada/Nova Scotia.|w(CaOODSP)9.898162 |
| 856 | 40|qPDF|s737 Ko|uhttps://publications.gc.ca/collections/collection_2024/isde-ised/re24/RE24-38-1976-fra.pdf |